[Event "Plzen Calliditas op"]
[Site "Plzen"]
[Date "2020.08.29"]
[Round "8"]
[White "Schubert, Gerhard"]
[Black "Klabenes, Petr"]
[Result "0-1"]
[WhiteElo "1976"]
[BlackElo "1660"]
[PlyCount "54"]
[EventDate "2020.08.23"]
[EventType "swiss"]
[EventRounds "9"]
[EventCountry "CZE"]
[SourceTitle "CBM 198 Extra"]
[Source "ChessBase"]
[SourceDate "2020.11.30"]
[SourceVersion "1"]
[SourceVersionDate "2020.11.30"]
[SourceQuality "1"]

1. e4 c5 2. Nc3 e6 3. g3 Nc6 4. Bg2 a6 5. f4 b5 6. Nf3 Bb7 7. d4 cxd4 8. Nxd4 Qc7 9. Be3 Rc8 10. Nce2 d6 11. 0-0 Nf6 12. c3 e5 13. Nc2 Be7 14. h3 Na5 15. Nb4 Nc4 16. Bc1 Nxe4 17. Nd5 Qc5+ 18. Nd4 Bxd5 19. b4 Qa7 20. Qg4 0-0 21. fxe5 Nxe5 22. Qf4 Bg5 23. Qf5 g6 24. Kh2 gxf5 25. Bxg5 Nxg5 26. Bxd5 Rxc3 27. Nxf5 Rc2+ 0-1

[Event "Prague Holiday K11"]
[Site "Prague"]
[Date "2017.07.20"]
[Round "8"]
[White "Hibberd, Nigel"]
[Black "Schubert, Gerhard"]
[Result "1/2-1/2"]
[WhiteElo "1866"]
[BlackElo "2011"]
[PlyCount "31"]
[EventDate "2017.07.16"]
[EventType "tourn"]
[EventRounds "9"]
[EventCountry "CZE"]
[SourceTitle "EXT 2023"]
[Source "ChessBase"]
[SourceDate "2022.10.05"]
[SourceVersion "1"]
[SourceVersionDate "2022.10.05"]
[SourceQuality "1"]

1. Nf3 d6 2. d4 Nd7 3. e4 e5 4. c3 g6 5. Bc4 Nb6 6. Bb3 Qe7 7. 0-0 Bg7 8. Ng5 Nh6 9. f4 Be6 10. Nxe6 fxe6 11. fxe5 dxe5 12. Be3 0-0-0 13. Na3 Kb8 14. Nc2 Qh4 15. Bxh6 Bxh6 16. Qe2 1/2-1/2

[Event "Prague Holiday K22"]
[Site "Prague"]
[Date "2016.07.24"]
[Round "2"]
[White "Dalling, Peter"]
[Black "Schubert, Gerhard"]
[Result "0-1"]
[WhiteElo "1822"]
[BlackElo "2013"]
[PlyCount "86"]
[EventDate "2016.07.24"]
[EventType "tourn"]
[EventRounds "9"]
[EventCountry "CZE"]
[SourceTitle "EXT 2023"]
[Source "ChessBase"]
[SourceDate "2022.10.05"]
[SourceVersion "1"]
[SourceVersionDate "2022.10.05"]
[SourceQuality "1"]

1. Nc3 d6 2. e4 Nf6 3. Bc4 e6 4. d3 d5 5. exd5 exd5 6. Bb3 d4 7. Ne4 Bb4+ 8. Bd2 Qe7 9. Bxb4 Qxb4+ 10. Qd2 Qxd2+ 11. Kxd2 Nxe4+ 12. dxe4 0-0 13. Ne2 c5 14. f4 Nc6 15. h3 Na5 16. Bd5 Be6 17. Bxe6 fxe6 18. b3 e5 19. Raf1 Nc6 20. f5 c4 21. Rf3 Rf6 22. h4 Rd8 23. Rhh3 Nb4 24. Nc1 c3+ 25. Kd1 Ra6 26. Rhg3 Kf8 27. Rf2 d3 28. Nxd3 Rxa2 29. Rgf3 Ra1+ 30. Ke2 Nxc2 31. Rf1 Nd4+ 32. Ke3 Ra2 33. R3f2 Nc2+ 34. Rxc2 Rxc2 35. Nxe5 Rxg2 36. Rc1 c2 37. Nd3 Rg3+ 38. Kf4 Rdxd3 39. Rxc2 Rc3 40. Rd2 Rgf3+ 41. Ke5 Ke7 42. Rg2 Kf7 43. Rd2 Rfd3 0-1

[Event "Moehnesee Cup-A 37th"]
[Site "Moehnesee"]
[Date "2011.09.02"]
[Round "3"]
[White "Schubert, Gerhard"]
[Black "Heyn, Peter"]
[Result "1-0"]
[WhiteElo "2034"]
[BlackElo "1907"]
[PlyCount "79"]
[EventDate "2011.09.01"]
[EventType "swiss"]
[EventRounds "7"]
[EventCountry "GER"]
[SourceTitle "EXT 2013"]
[Source "ChessBase"]
[SourceDate "2012.11.22"]
[SourceVersion "1"]
[SourceVersionDate "2012.11.22"]
[SourceQuality "1"]

1. d4 c5 2. Nf3 cxd4 3. Nxd4 Nc6 4. e4 e6 5. Nxc6 bxc6 6. c4 Ne7 7. Nc3 d6 8. Be3 Ng8 9. Be2 Be7 10. Qd2 Nf6 11. Rd1 h6 12. 0-0 Qc7 13. Kh1 Ba6 14. Qc2 Bb7 15. Rd2 a6 16. f4 Rd8 17. Na4 c5 18. Bf3 Bc6 19. e5 Bxf3 20. exf6 Bxg2+ 21. Rxg2 Bxf6 22. f5 e5 23. Nc3 Qc6 24. Qa4 Qxa4 25. Nxa4 d5 26. cxd5 Rxd5 27. Nc3 Rd3 28. Bxc5 Kd7 29. Rd1 e4 30. Rgd2 Bxc3 31. Rxd3+ exd3 32. Rxd3+ Kc6 33. Rxc3 Re8 34. Rc2 Kb5 35. Bd4 g6 36. Kg2 Re4 37. Bf2 gxf5 38. Rc5+ Kb4 39. Kf3 Re6 40. Rxf5 1-0

[Event "Moehnesee Cup 36th"]
[Site "Moehnesee"]
[Date "2010.08.27"]
[Round "2"]
[White "Koop, Thorben"]
[Black "Schubert, Gerhard"]
[Result "1-0"]
[WhiteElo "1880"]
[BlackElo "2071"]
[PlyCount "55"]
[EventDate "2010.08.26"]
[EventType "swiss"]
[EventRounds "7"]
[EventCountry "GER"]
[SourceTitle "EXT 2011"]
[Source "ChessBase"]
[SourceDate "2010.11.26"]
[SourceVersion "1"]
[SourceVersionDate "2010.11.26"]
[SourceQuality "1"]

1. e4 d6 2. d4 Nf6 3. f3 Nbd7 4. Nc3 e5 5. Nge2 c6 6. Be3 Be7 7. Qd2 Qc7 8. 0-0-0 0-0 9. g4 b5 10. Ng3 Nb6 11. Nf5 Re8 12. Nxe7+ Qxe7 13. h4 Nfd7 14. Bg5 f6 15. Be3 a5 16. dxe5 Nxe5 17. Bxb6 Nxf3 18. Qxd6 Qf7 19. Qxc6 b4 20. Nd5 Bb7 21. Qc7 Bxd5 22. Rxd5 Qg6 23. Bc4 Kh8 24. Rhd1 Qxe4 25. Rd8 Raxd8 26. Qxd8 Qf4+ 27. Kb1 Nd2+ 28. Rxd2 1-0

[Event "Moehnesee Cup 36th"]
[Site "Moehnesee"]
[Date "2010.08.26"]
[Round "1"]
[White "Schubert, Gerhard"]
[Black "Rempe, Moritz"]
[Result "1/2-1/2"]
[WhiteElo "2071"]
[BlackElo "1648"]
[PlyCount "115"]
[EventDate "2010.08.26"]
[EventType "swiss"]
[EventRounds "7"]
[EventCountry "GER"]
[SourceTitle "EXT 2011"]
[Source "ChessBase"]
[SourceDate "2010.11.26"]
[SourceVersion "1"]
[SourceVersionDate "2010.11.26"]
[SourceQuality "1"]

1. e4 e6 2. c4 d5 3. cxd5 exd5 4. Qa4+ c6 5. exd5 Qxd5 6. Nf3 Nf6 7. Nc3 Qe6+ 8. Be2 Bd6 9. 0-0 0-0 10. d4 Nbd7 11. Re1 Nb6 12. Qc2 h6 13. a3 Re8 14. b4 Qe7 15. b5 Bd7 16. a4 Qf8 17. Bd2 Nbd5 18. Bf1 Rac8 19. Qb2 Nxc3 20. Bxc3 Ne4 21. Ne5 Bxe5 22. Rxe4 Bxh2+ 23. Kxh2 Rxe4 24. Bd3 Rh4+ 25. Kg1 Qd6 26. g3 Rg4 27. Kh2 cxb5 28. axb5 Rxc3 29. Qxc3 Rxd4 30. Bf1 Rd1 31. Bg2 Rxa1 32. Qxa1 Qb6 33. Qe5 Bxb5 34. Qb8+ Kh7 35. Be4+ g6 36. Qf4 Kg7 37. Qe5+ Kh7 38. Qf4 Be8 39. Bd5 f5 40. Kg1 Bc6 41. Qd6 Bxd5 42. Qd7+ Kh8 43. Qe8+ Kg7 44. Qe5+ Qf6 45. Qxd5 b6 46. Qd7+ Qf7 47. Qd4+ Kh7 48. Qa4 Qb7 49. Qb4 a6 50. Qc4 b5 51. Qb4 h5 52. Kh2 Qb6 53. Qe7+ Kh6 54. Qf8+ Kg5 55. Qe7+ Kg4 56. Qe2+ Kg5 57. Qe7+ Kh6 58. Qf8+ 1/2-1/2

[Event "Bahn-chM"]
[Site "Winterberg"]
[Date "2004.10.02"]
[Round "7"]
[White "Schubert, Gerhard"]
[Black "Eyer, Karl"]
[Result "1-0"]
[WhiteElo "2008"]
[BlackElo "1891"]
[PlyCount "55"]
[EventDate "2004.09.26"]
[EventType "swiss"]
[EventRounds "7"]
[EventCountry "GER"]
[SourceTitle "EXT 2013"]
[Source "ChessBase"]
[SourceDate "2012.11.22"]
[SourceVersion "1"]
[SourceVersionDate "2012.11.22"]
[SourceQuality "1"]

1. e4 e5 2. Nf3 Nc6 3. d4 exd4 4. Bc4 Bc5 5. Ng5 Ne5 6. Bxf7+ Nxf7 7. Nxf7 Bb4+ 8. c3 Kxf7 9. Qh5+ g6 10. Qd5+ Kf8 11. Qxd4 Bxc3+ 12. Nxc3 Qf6 13. Bh6+ Kf7 14. e5 Qe6 15. Ne4 Qf5 16. e6+ dxe6 17. Ng5+ Ke8 18. Qxh8 Qa5+ 19. Kf1 Bd7 20. Qxg8+ Ke7 21. Qf7+ Kd6 22. Rd1+ Kc6 23. Qxd7+ Kb6 24. Nxe6 Qh5 25. Qxc7+ Ka6 26. Rd6+ b6 27. Qc4+ Kb7 28. Rd7+ 1-0

[Event "Budapest Spring op 15th"]
[Site "Budapest"]
[Date "1999.03.25"]
[Round "9"]
[White "Schubert, Gerhard"]
[Black "Bodrogi, Mihaly"]
[Result "0-1"]
[WhiteElo "2105"]
[BlackElo "2177"]
[PlyCount "64"]
[EventDate "1999.03.??"]
[EventType "swiss"]
[EventRounds "9"]
[EventCountry "HUN"]
[SourceTitle "EXT 2000"]
[Source "ChessBase"]
[SourceDate "1999.11.16"]
[SourceVersion "1"]
[SourceVersionDate "1999.11.16"]
[SourceQuality "1"]

1. e4 c5 2. Nc3 Nc6 3. d3 g6 4. Be3 d6 5. Qd2 Bg7 6. Be2 Nd4 7. Bd1 Rb8 8. a4 Bd7 9. Nf3 Qa5 10. Bxd4 cxd4 11. Nb5 Qb6 12. c4 dxc3 13. bxc3 a6 14. Na3 Qc7 15. d4 Nf6 16. Bc2 0-0 17. 0-0 e5 18. d5 Nh5 19. g3 b5 20. axb5 axb5 21. Bd3 Rfc8 22. c4 bxc4 23. Nxc4 Rb5 24. Ra6 Bf8 25. Rfa1 Rb7 26. Qa5 Bb5 27. Ncxe5 Bxa6 28. Bxa6 Rb1+ 29. Kg2 Rxa1 30. Qxa1 Ra8 31. Ng4 Qb6 32. Ng5 Qxa6 0-1

[Event "Budapest Spring op 15th"]
[Site "Budapest"]
[Date "1999.03.24"]
[Round "8"]
[White "Letay, Gyula"]
[Black "Schubert, Gerhard"]
[Result "1-0"]
[WhiteElo "2220"]
[BlackElo "2105"]
[PlyCount "112"]
[EventDate "1999.03.??"]
[EventType "swiss"]
[EventRounds "9"]
[EventCountry "HUN"]
[SourceTitle "EXT 2000"]
[Source "ChessBase"]
[SourceDate "1999.11.16"]
[SourceVersion "1"]
[SourceVersionDate "1999.11.16"]
[SourceQuality "1"]

1. e4 d6 2. Nc3 Nf6 3. d4 c6 4. Be3 Ng4 5. Bf4 e5 6. Bg3 Qa5 7. Nf3 Nd7 8. Be2 Be7 9. 0-0 0-0 10. a3 Re8 11. b4 Qc7 12. Qd2 Ngf6 13. h3 h6 14. Bc4 Nh5 15. Bh2 g5 16. Rad1 Bf6 17. dxe5 dxe5 18. Ne2 Nf8 19. Qd6 Qb6 20. Nxe5 Be6 21. Nd7 Nxd7 22. Bxe6 Rxe6 23. Qxd7 Rd8 24. Qc7 Qxc7 25. Bxc7 Rc8 26. Rd7 Rxe4 27. Nc1 Re7 28. Rxe7 Bxe7 29. Be5 Bf6 30. Bxf6 Nxf6 31. Nd3 Re8 32. Rc1 Ne4 33. f4 Nc3 34. Kf2 f6 35. f5 Kf7 36. Kf3 Ne2 37. Rd1 Nd4+ 38. Kf2 Re2+ 39. Kf1 Re8 40. Nc5 Nxf5 41. Kf2 b6 42. Nb3 Re7 43. Rd3 h5 44. Nd4 Nxd4 45. Rxd4 h4 46. Rd6 Rc7 47. c4 c5 48. bxc5 Ke7 49. cxb6 Kxd6 50. bxc7 Kxc7 51. Ke3 Kd6 52. Kd4 a5 53. c5+ Ke6 54. c6 Kd6 55. Ke4 Kxc6 56. Kf5 Kb5 1-0

[Event "Budapest Spring op 13th"]
[Site "Budapest"]
[Date "1997.??.??"]
[Round "1"]
[White "Schubert, Gerhard"]
[Black "Miroshnichenko, Evgenij"]
[Result "0-1"]
[WhiteElo "2135"]
[BlackElo "2425"]
[PlyCount "68"]
[EventDate "1997.03.??"]
[EventType "swiss"]
[EventRounds "9"]
[EventCountry "HUN"]
[SourceTitle "EXT 1998"]
[Source "ChessBase"]
[SourceDate "1997.11.17"]
[SourceVersion "1"]
[SourceVersionDate "1997.11.17"]
[SourceQuality "1"]

1. Nf3 Nf6 2. c4 g6 3. d4 Bg7 4. Nc3 0-0 5. e4 d6 6. Be2 e5 7. 0-0 Nc6 8. d5 Ne7 9. Nd2 a5 10. Rb1 Bd7 11. b3 Ne8 12. a3 f5 13. b4 axb4 14. axb4 Nf6 15. c5 Kh8 16. Nc4 Nxe4 17. Nxe4 fxe4 18. cxd6 cxd6 19. b5 Nf5 20. Ba3 Qg5 21. Qc1 Qh4 22. Bxd6 Rfc8 23. Ra1 Rxa1 24. Qxa1 Nd4 25. Qb2 Bxb5 26. Bxe5 Nxe2+ 27. Kh1 Bxc4 28. Bxg7+ Kg8 29. Bf6 Qf4 30. Qxb7 Qc7 31. Qb2 Ng3+ 32. hxg3 Bxf1 33. Bh8 Bb5 34. Qf6 Qc1+ 0-1

[Event "Budapest Spring op 12th"]
[Site "Budapest"]
[Date "1996.??.??"]
[Round "1"]
[White "Schubert, Gerhard"]
[Black "Almasi, Istvan"]
[Result "0-1"]
[WhiteElo "2115"]
[BlackElo "2405"]
[PlyCount "102"]
[EventDate "1996.03.??"]
[EventType "swiss"]
[EventRounds "9"]
[EventCountry "HUN"]
[SourceTitle "CBM 052 Extra"]
[Source "ChessBase"]
[SourceDate "1996.07.01"]
[SourceVersion "1"]
[SourceVersionDate "1996.07.01"]
[SourceQuality "1"]

1. Nf3 d5 2. b3 Bg4 3. Bb2 e6 4. e3 Nf6 5. Be2 Nbd7 6. Ne5 Bf5 7. 0-0 Bd6 8. f4 h6 9. d3 c6 10. g4 Bh7 11. Nxd7 Qxd7 12. g5 hxg5 13. fxg5 Qc7 14. Rf2 Bxh2+ 15. Rxh2 Qg3+ 16. Rg2 Qxe3+ 17. Rf2 Qxg5+ 18. Rg2 Qe3+ 19. Rf2 Bf5 20. Bf3 Rh3 21. Qe2 Rg3+ 22. Bg2 Qg5 23. Nd2 Ng4 24. Rf3 Qh4 25. Nf1 Rxf3 26. Qxf3 0-0-0 27. Qg3 Qh6 28. Re1 f6 29. Ne3 Nxe3 30. Qxe3 Qh4 31. Qf2 Qb4 32. a3 Qa5 33. b4 Qa4 34. Qc5 b6 35. Qc3 Kd7 36. Bc1 e5 37. Kf2 d4 38. Qb2 Qa6 39. Rh1 Qc8 40. Bh3 Kc7 41. Bg2 Qe6 42. a4 g5 43. a5 b5 44. a6 e4 45. dxe4 Bxe4 46. Bxe4 Qxe4 47. Rh6 Re8 48. c4 Qe1+ 49. Kf3 g4+ 50. Kxg4 Rg8+ 51. Kf3 Rg3+ 0-1

[Event "Bahn-chG"]
[Site "Bad Laasphe"]
[Date "1994.10.15"]
[Round "7"]
[White "Mueller, Michael"]
[Black "Schubert, Gerhard"]
[Result "1-0"]
[WhiteElo "2240"]
[BlackElo "1980"]
[PlyCount "71"]
[EventDate "1994.10.09"]
[EventType "swiss"]
[EventRounds "7"]
[EventCountry "GER"]
[SourceTitle "EXT 1999"]
[Source "ChessBase"]
[SourceDate "1998.11.16"]
[SourceVersion "1"]
[SourceVersionDate "1998.11.16"]
[SourceQuality "1"]

1. d4 d6 2. Nf3 Bg4 3. e3 Nf6 4. c4 Nbd7 5. Be2 e5 6. Nc3 Be7 7. 0-0 0-0 8. b3 c6 9. Bb2 Qc7 10. Rc1 Rad8 11. Qc2 Ne8 12. h3 Bh5 13. Nxe5 dxe5 14. Bxh5 exd4 15. exd4 Qa5 16. Bf3 Ba3 17. Bxa3 Qxa3 18. Rfe1 Ndf6 19. Rcd1 Nc7 20. Re3 Qa5 21. Re5 Qb4 22. Ne2 Ne6 23. d5 cxd5 24. cxd5 Qd6 25. Rf5 Nc7 26. Qb2 Rfe8 27. Ng3 Qf8 28. Qc2 Qd6 29. Qc4 g6 30. Rxf6 Qxf6 31. Qxc7 Rc8 32. Qxb7 Rc2 33. Qxa7 Qc3 34. Ne4 Qe5 35. d6 f5 36. Ng5 1-0

[Event "Bahn-chG"]
[Site "Bad Laasphe"]
[Date "1994.10.13"]
[Round "5"]
[White "Lueck, Egon"]
[Black "Schubert, Gerhard"]
[Result "0-1"]
[WhiteElo "1745"]
[BlackElo "1980"]
[PlyCount "56"]
[EventDate "1994.10.09"]
[EventType "swiss"]
[EventRounds "7"]
[EventCountry "GER"]
[SourceTitle "EXT 1999"]
[Source "ChessBase"]
[SourceDate "1998.11.16"]
[SourceVersion "1"]
[SourceVersionDate "1998.11.16"]
[SourceQuality "1"]

1. d4 d6 2. e4 Nf6 3. Bd3 e5 4. c3 Be7 5. Nf3 Bg4 6. h3 Bh5 7. Be3 Nbd7 8. Nbd2 0-0 9. 0-0 Re8 10. Qb3 Qc8 11. dxe5 dxe5 12. g4 Bg6 13. Nh4 Nc5 14. Bxc5 Bxc5 15. Nf5 Bxf5 16. gxf5 Nh5 17. Bc4 Rf8 18. Nf3 Nf4 19. Kh2 g6 20. Ng5 Kh8 21. Nxf7+ Rxf7 22. Bxf7 gxf5 23. Rg1 Qd7 24. Rg3 Bxf2 25. Rd1 Bxg3+ 26. Kxg3 Qe7 27. h4 Rf8 28. Bd5 Qg7+ 0-1